| Tag |
First Indicator |
Second Indicator |
Subfields |
| LEADER |
00000cam a2200000 a 4500 |
| 001 |
in00000020705 |
| 005 |
20151007055438.0 |
| 008 |
871120s1986 maua j 00011 eng d |
| 010 |
|
|
|a 86003539
|
| 020 |
|
|
|a 0316112445 :
|c $13.95
|
| 035 |
|
|
|a (OCoLC)17008706
|
| 035 |
|
|
|9 AAB8268AM
|
| 040 |
|
|
|a OCO
|c OCO
|d TXA
|d UtOrBLW
|
| 049 |
|
|
|a [Curr Col] TXAM
|c [A11074425]
|
| 050 |
|
4 |
|a PZ7.B81618
|b Arr 1986b
|
| 100 |
1 |
|
|a Brown, Marc Tolon.
|
| 245 |
1 |
0 |
|a Arthur's teacher trouble /
|c Marc Brown.
|
| 264 |
|
1 |
|a Boston :
|b Joy Street Books,
|c [1986]
|
| 264 |
|
4 |
|c ©1986
|
| 300 |
|
|
|a 29 unnumbered pages :
|b color illustrations ;
|c 26 cm.
|
| 336 |
|
|
|a text
|b txt
|2 rdacontent
|
| 337 |
|
|
|a unmediated
|b n
|2 rdamedia
|
| 338 |
|
|
|a volume
|b nc
|2 rdacarrier
|
| 520 |
|
|
|a Third-grader Arthur is amazed when he is chosen to be in the school spellathon.
|
| 650 |
|
1 |
|a Schools
|x Fiction.
|
| 650 |
|
1 |
|a Teachers
|x Fiction.
|
| 650 |
|
1 |
|a Animals
|x Fiction.
|
| 999 |
|
|
|a MARS
|
| 999 |
f |
f |
|s 78525bfd-23f6-3d5e-990d-6fb1d9d298b7
|i 214a9522-0896-3314-aa21-ad97683884cf
|t 0
|
| 952 |
f |
f |
|p ric
|a Texas A&M University
|b Rellis Campus
|c Joint Library Facility
|d Remote Storage
|t 0
|e PZ7.B81618 Arr 1986b
|h Library of Congress classification
|i unmediated -- volume
|m A14811074425
|
| 998 |
f |
f |
|a PZ7.B81618 Arr 1986b
|t 0
|l Remote Storage
|